Provincias de Países Bajos - Estadísticas

Estadísticas generales
  • Esta prueba ha sido intentada 20 veces
  • La puntuación promedio es 9 de 12
Estadísticas de respuestas
Provincia % Correcto
Holanda Septentrional
89%
Holanda Meridional
84%
Utrecht
84%
Frisia
79%
Flevoland
74%
Groninga
74%
Limburgo
74%
Zelanda
74%
Drente
63%
Güeldres
63%
Overijssel
63%
Brabante Septentrional
58%
No se encontraron pruebas coincidentes
Distribución de puntuación
Porcentaje de gente con cada puntuación
Porcentaje por número respondido
Historial de tus puntuaciones
No has intentado esta prueba.